Responses for show #306 - Monday, November 11, 1985

1985 Tournament of Champions quarterfinal game 1.

Contestants

Ric Moser, a printing broker from The Woodlands, Texas

Elise Beraru, an insurance underwriter from Los Angeles, California

John Genova, a student and a Catholic cantor from North Hollywood, California

[next game >>]

Jeopardy! Round responses

FEMININE FIRSTS
POLAND
CHEWING GUM
6-LETTER WORDS
A.K.A.
"NORTH"
    $100 8
Boston Marathon

Elise
    $100 2
Warsaw

John
    $100 1
bubble gum

Ric
    $100 20
league

Elise
    $100 7
(Ric: Who is Donna Summers?)

Donna Summer

EliseRic
    $100 12
North Dakota

Ric
    $200 9
New York Metropolitan

John
    $200 4
Revolutionary War

Ric
    $200 3
Wrigley

Ric
    $200 21
Monroe

Elise
    $200 15
Chubby Checker

John
    $200 16
Northern Ireland

Ric
    $300 22
(Alex: A minute to go in the round.)

go over Niagara Falls in a barrel

Ric
    $300 5
1 out of 50

John
    $300 6
(John: What is "What Happened To My Chewing Gum When I Left It On The Bedpost Overnight?")

"Does Your Chewing Gum Lose Its Flavour (On The Bedpost Overnight?)"

John
    $300 17
Shirley MacLaine

Ric
    $300 23
Northwest Passage

Ric
    $400 26
[The end-of-signal round sounds.]

the Congressional Medal of Honor

Ric
    $400 10
(John: What is lumber?)

coal

John
Triple Stumper
    $400 13
I shall return

Ric
    $400 18
Hugh O'Brian

Triple Stumper
    $400 24
Northwestern

Ric
    $500 11
election

John
    $500 14
chicle

Ric
    $500 19
David Janssen

Ric
    $500 25
Northrop

Elise

Scores at the first commercial break (after clue 7):

John Elise Ric
$100 $100 $400

Scores at the end of the Jeopardy! Round:

John Elise Ric
$600 $1,000 $3,800

Double Jeopardy! Round responses

SCIENCE
19TH CENTURY NOVELS
SPORTS BIRDS
TOUGH TRIVIA
ART
"SOUTH"
    $200 19
Pavlov

Elise
    $200 15
Charles Dickens

Ric
    $200 1
eagle

Elise
    $200 6
(Ric: What is horizontal control?)

vertical

JohnRic
    $200 24
paintbrush

Ric
    $200 7
South Dakota

Elise
    $400 20
mistletoe

Elise
    $400 16
(Elise: What is Alice's Adventures Underground?)

Alice's Adventures In Wonderland

Elise
Triple Stumper
    $400 2
parrot

Elise
    $2,000 9
(Ric: Who is Merv Griffin?)

Joey Bishop

Ric
    $400 25
(Elise: What is China?)

India

Elise
Triple Stumper
    $400 8
South Bend

Ric
    $600 21
freezing

Ric
    $600 17
Washington Square

Elise
    $600 3
Seahawks

Elise
    $600 10
Uncle Tonoose

Ric
    $600 26
Daguerreotype, photograph

Elise
    $600 12
Southeast Asia

Elise
    $800 22
ship

Ric
    $800 4
Pittsburgh Penguins

Elise
    $800 11
Sunbeam

Elise
    $800 27
Mary Cassatt

Elise
    $800 13
Southern Cross

Ric
    $1,000 23
(Alex: We have less than a minute to go in the round.)

Twenty Thousand Leagues Under the Sea & The Mysterious Island

Ric
    $1000 5
Hawks

Ric
    $1000 14
Beaver Cleaver

Ric
    $1000 28
[The end-of-round signal sounds.]

Fran├žois Ier

Triple Stumper
    $1000 18
Southern Christian Leadership Conference

John

Scores at the end of the Double Jeopardy! Round:

John Elise Ric
$1,800 $6,400 $8,200

Final Jeopardy! Round responses

THE NOBEL PRIZE
JohnWho are Richard Nixon & T. Roosevelt
$1,800
EliseWho are T. Roosevelt & J. Carter?
$6,400
RicWho were Jimmy Carter and Richard Nixon
$4,601
Theodore Roosevelt & Woodrow Wilson

Final scores:

John Elise Ric
$0 $0 $3,599
3rd place: $1,000 if eliminated 2nd place: $1,000 if eliminated Automatic semifinalist

Game dynamics:

Coryat scores:

John Elise Ric
$2,100 $6,400 $10,200
7 R,
2 W
(including 1 DD)
17 R,
2 W
23 R
(including 1 DD),
3 W
(including 1 DD)

Combined Coryat: $18,700

The J! Archive is created by fans, for fans. The Jeopardy! game show and all elements thereof, including but not limited to copyright and trademark thereto, are the property of Jeopardy Productions, Inc. and are protected under law. This website is not affiliated with, sponsored by, or operated by Jeopardy Productions, Inc. Join the discussion at JBoard.tv.